000 00690nam a2200289Ia 4500
005 20260324145001.0
008 008 260324s9999 xx 000 0 eng d
020 _a9780203726341
037 _aEBOOK
040 _aCRL
040 _beng
040 _cCRL
041 _2eng
041 _aeng
084 _qCRL
100 _aB. McLaughlin
_91221334
245 0 _aSecond Language Acquisition in Childhood
245 0 _bVolume 2: School-age Children
260 _bTaylor and Francis
260 _c1985
365 _a
365 _b98.99
856 _uhttp://www.taylorfrancis.com/books/9780203726341
942 _cEBOOK
999 _c1828623
_d1828623